<?xml version="1.0" encoding="UTF-8"?>
<record
    xmlns:xsi="http://www.w3.org/2001/XMLSchema-instance"
    xsi:schemaLocation="http://www.loc.gov/MARC21/slim http://www.loc.gov/standards/marcxml/schema/MARC21slim.xsd"
    xmlns="http://www.loc.gov/MARC21/slim">

  <leader>00787nam a2200181   4500</leader>
  <controlfield tag="001">415</controlfield>
  <controlfield tag="005">20230411085956.0</controlfield>
  <controlfield tag="008">060907n1994    dr                  spa  </controlfield>
  <datafield tag="035" ind1=" " ind2=" ">
    <subfield code="9">funglode417</subfield>
  </datafield>
  <datafield tag="041" ind1=" " ind2=" ">
    <subfield code="a">FR</subfield>
  </datafield>
  <datafield tag="100" ind1=" " ind2=" ">
    <subfield code="a">Moreau Defarges, Philippe</subfield>
  </datafield>
  <datafield tag="245" ind1="1" ind2=" ">
    <subfield code="a">Introduction &#xE0; la g&#xE9;opolitique /</subfield>
    <subfield code="c">Philippe Moreau Defarges</subfield>
  </datafield>
  <datafield tag="260" ind1=" " ind2=" ">
    <subfield code="a">Par&#xED;s :</subfield>
    <subfield code="b">Editions du Seuil,</subfield>
    <subfield code="c">1994      </subfield>
  </datafield>
  <datafield tag="300" ind1=" " ind2=" ">
    <subfield code="a">230 p.;</subfield>
    <subfield code="c">tablas / 18 cm.</subfield>
  </datafield>
  <datafield tag="440" ind1=" " ind2=" ">
    <subfield code="a">Points essais ;</subfield>
    <subfield code="v">292</subfield>
  </datafield>
  <datafield tag="520" ind1=" " ind2=" ">
    <subfield code="a">La conscience g&#xE9;ographique, 11. -- La g&#xE9;opolitique de la puissance maritime, 39. -- La g&#xE9;opolitique de la puissance continentale : L'Allemagne et la g&#xE9;opolitique, 73. -- G&#xE9;ographie, g&#xE9;opolitique et guerre, 103. -- G&#xE9;opolitique, g&#xE9;o-&#xE9;conomie, 155. -- La g&#xE9;opolitique en France, 185</subfield>
  </datafield>
  <datafield tag="942" ind1=" " ind2=" ">
    <subfield code="2">lcc</subfield>
    <subfield code="c">bk</subfield>
  </datafield>
  <datafield tag="999" ind1=" " ind2=" ">
    <subfield code="c">110333</subfield>
    <subfield code="d">110333</subfield>
  </datafield>
  <datafield tag="952" ind1=" " ind2=" ">
    <subfield code="0">0</subfield>
    <subfield code="1">0</subfield>
    <subfield code="2">lcc</subfield>
    <subfield code="4">0</subfield>
    <subfield code="7">0</subfield>
    <subfield code="8">APT</subfield>
    <subfield code="a">BJB</subfield>
    <subfield code="b">BJB</subfield>
    <subfield code="c">APT</subfield>
    <subfield code="d">2019-02-17</subfield>
    <subfield code="l">0</subfield>
    <subfield code="p">00020010417</subfield>
    <subfield code="r">2019-02-17 00:00:00</subfield>
    <subfield code="t">1</subfield>
    <subfield code="w">2019-02-17</subfield>
    <subfield code="y">bk</subfield>
  </datafield>
</record>
